LEADER 00894nam 2200277 450 001 996709075303316 005 20260213113500.0 100 $a20260213d1995----km y0itay5003 ba 101 0 $aeng 102 $aIT 105 $ay 00 y 200 1 $aFive days in the House of Lords$esome comparative reflections on White v. Jones$fBasil S. Markesinis 210 $aRoma$cCentro di studi e ricerche di diritto comparato e straniero$d1995 215 $a45 p.$d24 cm 225 2 $aSaggi, conferenze e seminari$v16 410 0$12001$aSaggi, conferenze e seminari$v16 606 0 $aDiritto$xGran Bretagna$2BNCF 676 $a349.41 700 1$aMARKESINIS,$bB. S.$0211394 801 0$aIT$bcba$gREICAT 912 $a996709075303316 951 $aXVI.7.Misc. 2177$b2214 FBUO$cXVI.7.Misc. 959 $aBK 969 $aFBUO 996 $aFive days in the House of Lords$94542546 997 $aUNISA